000 00432nam a2200181Ia 4500
008 221030s9999 xx 000 0 und d
020 _a8178080486
041 _aEnglish
082 _a105.23
_bLip
100 _aS. B. Lippman
245 0 _aC++ Primer
_cby S. B. Lippman, J. Lajoie
250 _a3rd
260 _bPearson Education
_aDelhi
_c2005
300 _a1237
650 _aComputers
700 _aJ. Lajoie
942 _cBK
999 _c2747
_d2747